000 00495cam a2200205ua 4500
001 7976
008 150103n ii |||gr||||Z||||||hin
020 _a8173152535
040 _cMAIN
041 _ahin
082 _a891.432
100 _aVerma, V. L.,
_eAuthor.
245 1 _aMangalsootra
_cBy Vrindavan Lal Verma
250 _a1st.
260 _aNew Delhi:
_bPrabhat,
_c1998.
300 _a178p.
653 _aEast Indo-European & Celtic literatures
653 _aHindi drama
942 _cBK
999 _c7095
_d7095